Barker v Corus (UK) plc (Record no. 77147)
[ view plain ]
| 000 -LEADER | |
|---|---|
| fixed length control field | 01903cab a2200193 4500 |
| 001 - CONTROL NUMBER | |
| control field | ##L133672 |
| 008 - FIXED-LENGTH DATA ELEMENTS--GENERAL INFORMATION | |
| fixed length control field | 060601n2006 000 0 eng u |
| 035 ## - SYSTEM CONTROL NUMBER | |
| System control number | (Sirsi) u133672 |
| 041 0# - LANGUAGE CODE | |
| Language code of text/sound track or separate title | eng |
| 245 00 - TITLE STATEMENT | |
| Title | Barker v Corus (UK) plc |
| Remainder of title | Murray v British Shipbuilders (Hydrodynamics) Ltd and others |
| -- | Patterson v Smiths Dock Ltd and others |
| 260 ## - PUBLICATION, DISTRIBUTION, ETC. | |
| Date of publication, distribution, etc. | 2006 |
| 520 ## - SUMMARY, ETC. | |
| Summary, etc. | [2006] UKHL 20, 3 May 2006. Appeal by the employers, C, BS and SD, against a CA decision ([2004] EWCA Civ 545; [2005] 3 All ER 661) in respect of their liability for damages for exposing B, M and P to asbestos dust. B had had three exposures to asbestos, the second of which was as a result of a breach of duty by C, although the third had arisen when B was self-employed. P had been exposed to asbestos by four employers, for different lengths of time. M had also been exposed to asbestos by a number of different employers. C, BS and SD all argued that they were severally liable only to the share of risk created by their breach of duty; in addition, C submitted that it should not be liable at all, because of the period when B had been solely responsible for his exposure to asbestos dust. "Held" where employers were liable on the basis that they had negligently exposed an employee to asbestos, thereby creating a material risk of mesothelioma, it was fair that they should be severally liable only to the extent of that share of risk created by their breach of duty. The cases were remitted to lower courts to redetermine damages based on the proportion of risk attributable to each employer. |
| 590 ## - LOCAL NOTE (RLIN) | |
| Local note | IKA060606 NTK, KA |
| 650 24 - SUBJECT ADDED ENTRY--TOPICAL TERM | |
| Topical term or geographic name entry element | BARKER V CORUS (UK) PLC |
| 651 #4 - SUBJECT ADDED ENTRY--GEOGRAPHIC NAME | |
| Geographic name | United Kingdom |
| Chronological subdivision | |
| 690 ## - LOCAL SUBJECT ADDED ENTRY--TOPICAL TERM (OCLC, RLIN) | |
| Topical term or geographic name as entry element | MANAGEMENT-HEALTH AND SAFETY-HAZARDOUS SUBSTANCES-ASBESTOS |
| 856 41 - ELECTRONIC LOCATION AND ACCESS | |
| Uniform Resource Identifier | <a href="https://www.bailii.org/cgi-bin/markup.cgi?doc=/uk/cases/UKHL/2006/20.html">https://www.bailii.org/cgi-bin/markup.cgi?doc=/uk/cases/UKHL/2006/20.html</a> |
| Public note | View the item free of charge at www.bailii.org... |
| 942 ## - ADDED ENTRY ELEMENTS (KOHA) | |
| Suppress in OPAC | 0 |
| Withdrawn status | Lost status | Source of classification or shelving scheme | Damaged status | Not for loan | Home library | Current library | Shelving location | Date acquired | Total Checkouts | Full call number | Barcode | Date last seen | Copy number | Price effective from | Koha item type |
|---|---|---|---|---|---|---|---|---|---|---|---|---|---|---|---|
| Dewey Decimal Classification | Virtual | Virtual | Online | 01/06/2006 | ONLINE PUBLICATION | 133672-1001 | 06/08/2019 | 1 | 06/08/2019 | Law report |